VSŽ odpredáva podiely v dcérach aj nepotrebné nehnuteľnosti

Bibliographic Details
Main Author: Jurkovičová, Klaudia (Author)
Corporate Author: Východoslovenské železiarne (Košice, Slovensko) (Author)
Format: Article
Language:Slovak
ISSN:1335-4566
Subjects:

MARC

LEADER 00000nab a2200000 a 4500
001 vtls000930161
003 SK-MaSNL
005 20260303033220.0
008 040720e20021111xo 0 slo
035 |a KE39038 
040 |a KEVKJB  |b slo  |c KEVKJB  |e AACR2 
041 0 |a slo 
044 |a xo  |c SK 
080 |a 669.1  |2 1981 
100 1 |a Jurkovičová, Klaudia  |4 aut  |9 877349 
245 1 0 |a VSŽ odpredáva podiely v dcérach aj nepotrebné nehnuteľnosti 
610 2 7 |a Východoslovenské železiarne (Košice, Slovensko)  |2 KEVKJB 
610 2 7 |a Východoslovenské železiarne Holding (Košice, Slovensko)  |2 snkbucl  |9 29927 
650 0 7 |a podielové spoluvlastníctvo  |2 KEVKJB  |9 91232 
650 0 7 |a spoločnosti dcérske  |2 KEVKJB  |9 879090 
650 0 7 |a predaj  |2 KEVKJB  |9 13334 
651 7 |a Košice (Slovensko)  |2 KEVKJB  |9 18694 
651 7 |a KE,  |2 KEVKJB  |9 877256 
655 7 |a periodikum  |2 snkbucl  |9 29553 
710 2 |a Východoslovenské železiarne (Košice, Slovensko)  |4 aut 
773 0 8 |t Košický denník Korzár  |g Roč. 5, č.262, 11.11.2002, s. 2  |x 1335-4566 
852 |a ZVYKNI  |b KIS3GCP 
999 |c 1669055  |d 1670985